Online
Catalog

Nora : / (Record no. 36692)

MARC details
000 -CABECERA
campo de control de longitud fija 00677nam a2200217 a 4500
001 - NÚMERO DE CONTROL
campo de control 000037202
005 - FECHA Y HORA DE LA ÚLTIMA TRANSACCIÓN
campo de control 20200930080214.0
008 - DATOS DE LONGITUD FIJA--INFORMACIÓN GENERAL
campo de control de longitud fija 120301s2004 sp 000 0 spa d
020 ## - NÚMERO INTERNACIONAL ESTÁNDAR DEL LIBRO
Número Internacional Estándar del Libro 8474612497
040 ## - FUENTE DE LA CATALOGACIÓN
Centro catalogador/agencia de origen DO-SdBNP
Lengua de catalogación spa
Centro/agencia transcriptor BNPHU
082 ## - NÚMERO DE LA CLASIFICACIÓN DECIMAL DEWEY
Número de clasificación xxxx
Número de documento/Ítem xxxx
100 1# - ENTRADA PRINCIPAL--NOMBRE DE PERSONA
Nombre de persona Ibsen, Henrik
9 (RLIN) 63615
245 10 - MENCIÓN DE TÍTULO
Título Nora : /
Mención de responsabilidad, etc. Henrik Ibsen ; prólogo Luis Angel García Melero.
246 10 - FORMA VARIANTE DE TÍTULO
Título propio/Titulo breve Una casa de muñecas
260 ## - PUBLICACIÓN, DISTRIBUCIÓN, ETC.
Lugar de publicación, distribución, etc. Madrid, :
Nombre del editor, distribuidor, etc. Promociones y ediciones,
Fecha de publicación, distribución, etc. [19uu]?
300 ## - DESCRIPCIÓN FÍSICA
Extensión 190 p. ;
Dimensiones 19 cm.
700 12 - PUNTO DE ACCESO ADICIONAL--NOMBRE DE PERSONA
Nombre de persona Ibsen, Henrik
Título de la obra El pato salvaje
9 (RLIN) 63616
700 1# - PUNTO DE ACCESO ADICIONAL--NOMBRE DE PERSONA
Nombre de persona García Melero, Luis Angel,
Término indicativo de función/relación pról.
9 (RLIN) 63617
740 02 - PUNTO DE ACCESO ADICIONAL--TÍTULO RELACIONADO O ANALÍTICO NO CONTROLADO
Título relacionado o analítico no controlado Una casa de muñecas
740 02 - PUNTO DE ACCESO ADICIONAL--TÍTULO RELACIONADO O ANALÍTICO NO CONTROLADO
Título relacionado o analítico no controlado El pato salvaje
Holdings
Estado de retiro Estado de pérdida Restricciones de uso No para préstamo Código de colección Localización permanente Ubicación/localización actual Ubicación en estantería Fecha de adquisición Número de inventario Total de préstamos Signatura topográfica completa Código de barras Fecha visto por última vez Precio válido a partir de Tipo de ítem Koha Número de copia
      Excluido de préstamo Monografías: Libros y Folletos General General Depósito 01.03.2012 LF1   xxxx xxxx 37202-10 25.06.2020 25.06.2020 No se presta  
      Excluido de préstamo Monografías: Libros y Folletos General General En catalogación 01.03.2012 LF1   xxxx xxxx 37202-20 25.06.2020 25.06.2020 No se presta e. 2

Powered by Koha